Expressions de la langue française avec les couleurs - Statistiques

Statistiques générales
  • Ce quiz a été pris 1 337 fois
  • Le résultat moyen est 12 sur 16
Statistiques - réponses
Expression Couleur Indice % Correct
En faire voir de toutes les ... couleurs donner des soucis
93%
Être ... comme un linge blanc être très pâle
92%
Rire ... jaune rire forcé
92%
Avoir la main ... verte être un très bon jardinier
92%
Donner carte ... à quelqu'un blanche donner les pleins pouvoirs
90%
Faire travailler sa matière ... grise réfléchir
88%
En voir des ... et des pas mûres vertes voir des choses désagréables
83%
Être fleur ... bleue être sentimental
79%
Voir des éléphants ... roses avoir des hallucinations
79%
Avoir du sang ... bleu être d'origine noble
78%
Être ... de rage vert être très en colère
78%
Se faire des cheveux ... blancs s'inquiéter
77%
Montrer patte ... blanche prouver son identité
76%
Être la lanterne ... rouge être le dernier
52%
Tirer à boulets ... rouges critiquer violemment
39%
Faire ... quelqu'un marron tromper quelqu'un
13%
Aucun quiz correspondant
Distribution des résultats
% des personnes avec chaque résultat
Percentile par nombre de réponses
Votre historique - résultats
Vous n’avez pas pris ce quiz